000 01084nam0a2200325 i 4500
001 RU\NLR\BIBL_A\010671666
005 20240726070951.0
010 _a9785444422540
_92000
021 _aRU
_b2014-95023
_95774
035 _a(NILC)RuMoRGB-007839387
035 _a(NLR Aleph) 010671666
090 _a9608687
_c9608687
100 _a20150212d2014 u y0rusy50 ca
101 0 _arus
102 _aRU
105 _aa|||z|||000ay
200 1 _aПосох волхва
_e[роман]
_fАлексей Витаков
210 _aМосква
_cВече
_d2014
215 _a285, [2] с.
_cил.
_d20
225 1 _aИсторические приключения
_fсост.: Михаил Крупин, Дмитрий Федотов
333 _a12+
686 2 _aШ6(2=Р)8-442
700 1 _aВитаков
_bА. И.
_f1966-
_gАлексей Иольевич
801 0 _aRU
_bРГБ
_c20141216
_gRCR
801 1 _aRU
_bРГБ
_c20141216
_2rusmarc
942 _cBOOK
980 _aNBR